00652nam a2200181 i 450000100060000000300090000600500170001500700030003200800410003510000220007624501370009826000920023530000350032770000220036270000240038485200310040885200310043928017ES-MaACL20230906153739.0t|030116s1948 ag ||||1| spa d1 aBailey, Hamilton.10aCirugía de urgencia / cpor Hamilton Bailey... ; traducción de la 5ª edición inglesa por Mario Pittaluga y Emilio Rodrigué. aBuenos Aires : bEmecé, c[1948] (fTalls. Gráfs. Sebastián de Amorrortu e Hijos) aXV, 1070 p. : bil. ; c24 cm.1 aPittaluga, Mario.1 aRodrigué, Emilio. aES-MaACLjE-1640 bR.27151 aES-MaACLjE-1545 bR.29168